00249nam a2200097Ia 4500008004100000100002300041245004700064260002400111300000800135650000800143191201s2008 xx 000 0 und d aFISCHER, Donald E. 0aSecurity Analysis and Portfolio Management aN. DelhibPHIc2008 a691 aMBA